| 000 | 00644nam a2200217 a 4500 | ||
|---|---|---|---|
| 005 | 20230901063539.0 | ||
| 008 | 010628s19811981 r 000 0 eng d | ||
| 035 | _aUPN01000109010 | ||
| 049 | _aCG | ||
| 050 | 4 |
_aDS706 _bQ4.3 1981 |
|
| 100 | 1 | _aQi, Wen | |
| 245 | 1 | 0 |
_aChina / _bQi Wen. |
| 250 | _a2a ed. rev. | ||
| 260 |
_aBeijing, China : _bLenguas extranjeras, _c1981. |
||
| 300 |
_a273 p. : _bil. col., [1] mapa pleg. |
||
| 500 | _a"Geografía, historia, política, economía, cultura" | ||
| 651 | 7 |
_aChina _xHistoria _2 _95795 |
|
| 651 | 4 |
_aCHINA - _xGEOGRAFIA _95796 |
|
| 651 | 4 |
_aCHINA - _xPOLITICA Y GOBIERNO _95794 |
|
| 905 | _aLibro | ||
| 999 |
_c82921 _d82921 |
||